000 00605npc a2200217Ia 4500
001 db3-511 [d000000418]
003 IT-MiCISF
005 20230301124529.0
008 161014s9999||||xx | und||
040 _aIT-MiCISF
_cIT-MiCISF
041 _ainglese
100 _aCouncil on Reproductive Technology
_959466
245 0 _aInfertility (Medical Procedures)
260 _aAdelaide,
_c1984,
_bState of Victoria
300 _app. 25-41
500 _alegge, sterilità, procreazione-artificiale
650 _abioetica
_956169
654 _alegislazione
942 _cDD
_2ddc
999 _c208412
_d208412
999 _bsi